[Event "Tehran zt 3.1"]
[Site "Tehran"]
[Date "2023.05.27"]
[Round "6"]
[White "Tahmasebi, Hamid Reza"]
[Black "Abbas, Hussein Kzar"]
[Result "1-0"]
[WhiteElo "2171"]
[BlackElo "2012"]
[PlyCount "109"]
[EventDate "2023.05.23"]
[EventType "swiss"]
[EventRounds "9"]
[EventCountry "IRI"]
[SourceTitle "CBM 214 Extra"]
[Source "ChessBase"]
[SourceDate "2023.07.31"]
[SourceVersion "1"]
[SourceVersionDate "2023.07.31"]
[SourceQuality "1"]

1. e4 d6 2. d4 Nf6 3. Nc3 g6 4. f4 Bg7 5. Nf3 0-0 6. Bd3 Nbd7 7. e5 Ne8 8. Qe2 c5 9. d5 Nb6 10. Be4 e6 11. dxe6 fxe6 12. b3 dxe5 13. fxe5 Nd5 14. Bb2 Qa5 15. Qd2 Nec7 16. 0-0 Qb6 17. Ng5 c4+ 18. Kh1 Qe3 19. Rxf8+ Bxf8 20. Qxe3 Nxe3 21. Re1 Nf5 22. bxc4 Be7 23. Nf3 Na6 24. g4 Nh6 25. h3 Nc5 26. Nd4 Nxe4 27. Nxe4 b6 28. Kh2 Ba6 29. Nd6 Nf7 30. Ba3 Bh4 31. Re4 Ng5 32. Rf4 Rd8 33. Nc6 Ra8 34. Bc1 Rf8 35. Rxf8+ Kxf8 36. Nb4 Nf3+ 37. Kg2 Nxe5 38. Nxa6 Be7 39. Bh6+ Kg8 40. Nc8 Bf6 41. Bf4 Nxc4 42. Nxa7 e5 43. Bc1 Kf7 44. Nb5 Ke6 45. Nac7+ Kd7 46. Nd5 Bd8 47. Ne3 Na5 48. Bd2 Nc6 49. Kf3 Ke6 50. Ke4 Nb8 51. Nd5 Nd7 52. Be3 Kf7 53. g5 Ke6 54. h4 Kf7 55. Nd6+ 1-0

[Event "IRI-ch 56th"]
[Site "Kerman"]
[Date "2023.05.21"]
[Round "13"]
[White "Tahmasebi, Hamid Reza"]
[Black "Darini, Pouria"]
[Result "0-1"]
[WhiteElo "2171"]
[BlackElo "2401"]
[PlyCount "71"]
[EventDate "2023.05.11"]
[EventType "tourn"]
[EventRounds "13"]
[EventCountry "IRI"]
[EventCategory "5"]
[SourceTitle "CBM 214 Extra"]
[Source "ChessBase"]
[SourceDate "2023.07.31"]
[SourceVersion "1"]
[SourceVersionDate "2023.07.31"]
[SourceQuality "1"]

1. e4 c5 2. Nf3 Nc6 3. d4 cxd4 4. Nxd4 Nf6 5. Nc3 d6 6. Bg5 e6 7. Qd2 a6 8. 0-0-0 Bd7 9. f4 Be7 10. Nf3 b5 11. Bxf6 gxf6 12. Kb1 h5 13. Bd3 Qb6 14. Rhg1 0-0-0 15. Ne2 Kb8 16. c4 bxc4 17. Bxc4 d5 18. exd5 Na5 19. Bd3 Bb4 20. Nc3 Rc8 21. Rc1 Rc7 22. Rc2 Rhc8 23. Rgc1 Nb7 24. dxe6 fxe6 25. f5 Nc5 26. fxe6 Bxe6 27. Nd4 Rd8 28. Bg6 Nb7 29. Rd1 Bg4 30. Na4 Bxd2 31. Nxb6 Rxc2 32. Bxc2 Rxd4 33. Rf1 Bf4 34. h3 Be6 35. Re1 Be5 36. Rc1 0-1

[Event "IRI-ch 56th"]
[Site "Kerman"]
[Date "2023.05.17"]
[Round "9"]
[White "Ashraf, Artin"]
[Black "Tahmasebi, Hamid Reza"]
[Result "0-1"]
[WhiteElo "2314"]
[BlackElo "2171"]
[PlyCount "130"]
[EventDate "2023.05.11"]
[EventType "tourn"]
[EventRounds "13"]
[EventCountry "IRI"]
[EventCategory "5"]
[SourceTitle "CBM 214 Extra"]
[Source "ChessBase"]
[SourceDate "2023.07.31"]
[SourceVersion "1"]
[SourceVersionDate "2023.07.31"]
[SourceQuality "1"]

1. d4 d5 2. Nf3 Nf6 3. g3 e6 4. Bg2 Be7 5. c4 0-0 6. Nc3 c6 7. 0-0 Nbd7 8. Qd3 b6 9. b3 Ba6 10. a4 Rc8 11. e4 c5 12. exd5 exd5 13. Nb5 cxd4 14. Nfxd4 dxc4 15. bxc4 Bxb5 16. cxb5 Ne5 17. Qd1 Bc5 18. Nc6 Nxc6 19. bxc6 Qxd1 20. Rxd1 Ng4 21. Ba3 Bxf2+ 22. Kh1 Be3 23. Ra2 Rfe8 24. Rd7 Bc5 25. Bxc5 bxc5 26. Bd5 Ne5 27. Re2 c4 28. Rxa7 c3 29. Bb3 g6 30. Rb7 Kg7 31. Rb6 Nc4 32. Rxe8 Rxe8 33. Rb4 c2 34. Rxc4 Re1+ 35. Kg2 c1Q 36. Rxc1 Rxc1 37. Bd5 Rc5 38. Bf3 Kf6 39. g4 Ke7 40. h4 Kd6 41. g5 Ra5 42. Bd1 Rd5 43. Bb3 Rd2+ 44. Kg1 Rd4 45. Bxf7 Rxh4 46. Bg8 Kxc6 47. Kf2 Kc5 48. Kg3 Rh5 49. Kf4 Kb4 50. Be6 Kxa4 51. Bg4 Rh4 52. Kg3 Rh1 53. Bf3 Re1 54. Kf4 Kb4 55. Bd5 Kc5 56. Bg8 Re7 57. Kg4 Kd4 58. Kf4 Rb7 59. Be6 Rb8 60. Ba2 Rf8+ 61. Kg4 Ke5 62. Bb3 Rf4+ 63. Kg3 Kf5 64. Bg8 Kxg5 65. Bxh7 Rf8 0-1

[Event "IRI-ch 56th"]
[Site "Kerman"]
[Date "2023.05.17"]
[Round "8"]
[White "Tahmasebi, Hamid Reza"]
[Black "Daghli, Arash"]
[Result "0-1"]
[WhiteElo "2171"]
[BlackElo "2438"]
[PlyCount "98"]
[EventDate "2023.05.11"]
[EventType "tourn"]
[EventRounds "13"]
[EventCountry "IRI"]
[EventCategory "5"]
[SourceTitle "CBM 214 Extra"]
[Source "ChessBase"]
[SourceDate "2023.07.31"]
[SourceVersion "1"]
[SourceVersionDate "2023.07.31"]
[SourceQuality "1"]

1. e4 c5 2. Nf3 Nc6 3. d4 cxd4 4. Nxd4 e5 5. Nb5 d6 6. N1c3 a6 7. Na3 Be6 8. Nc4 Rb8 9. Ne3 Nf6 10. g3 Be7 11. Bg2 h5 12. 0-0 h4 13. Ncd5 Qd7 14. Nb6 Qd8 15. Nbd5 Rc8 16. c3 Nb8 17. Nf5 Bxd5 18. exd5 h3 19. Bf3 Bf8 20. a4 Nbd7 21. Qc2 g6 22. Ne3 Bg7 23. a5 0-0 24. Re1 Re8 25. Ng4 e4 26. Nxf6+ Qxf6 27. Bxe4 Nc5 28. Bf4 Nxe4 29. Rxe4 g5 30. Rxe8+ Rxe8 31. Qa4 Re7 32. Qc4 gxf4 33. Qc8+ Bf8 34. Qxh3 Qg5 35. Qg2 Re2 36. Qf3 Rxb2 37. Ra4 Rd2 38. Rxf4 Qxd5 39. Qg4+ Kh7 40. Rd4 Rxd4 41. cxd4 Bg7 42. Qh3+ Bh6 43. Qd7 Kg7 44. h4 Qxd4 45. Qxb7 Qa1+ 46. Kg2 Qxa5 47. g4 Bf4 48. g5 Qb5 49. Qe4 Qe5 0-1

[Event "IRI-ch 56th"]
[Site "Kerman"]
[Date "2023.05.16"]
[Round "7"]
[White "Gholami Orimi, Mahdi"]
[Black "Tahmasebi, Hamid Reza"]
[Result "1-0"]
[WhiteElo "2420"]
[BlackElo "2171"]
[PlyCount "141"]
[EventDate "2023.05.11"]
[EventType "tourn"]
[EventRounds "13"]
[EventCountry "IRI"]
[EventCategory "5"]
[SourceTitle "CBM 214 Extra"]
[Source "ChessBase"]
[SourceDate "2023.07.31"]
[SourceVersion "1"]
[SourceVersionDate "2023.07.31"]
[SourceQuality "1"]

1. c4 e5 2. Nc3 Nf6 3. Nf3 Nc6 4. e3 Bb4 5. Qc2 Bxc3 6. Qxc3 Qe7 7. d4 Ne4 8. Qd3 exd4 9. Nxd4 Qb4+ 10. Bd2 Nxd2 11. Qxd2 Qxd2+ 12. Kxd2 d6 13. Nb5 Kd8 14. Be2 Be6 15. Rhd1 a6 16. Nc3 Kd7 17. Ke1 b6 18. f4 Rae8 19. Kf2 a5 20. Rac1 Kc8 21. a3 h5 22. h3 Bd7 23. Bf3 f6 24. b3 Ne7 25. b4 Bc6 26. bxa5 bxa5 27. c5 dxc5 28. Bxc6 Nxc6 29. Rd5 Re6 30. Rxc5 Rd8 31. Nb5 Rd2+ 32. Kf1 Kd7 33. R1c3 a4 34. Rxh5 Rb2 35. Rhc5 g5 36. Rd5+ Kc8 37. f5 Re5 38. Rxe5 Nxe5 39. Nxc7 Kb7 40. Nd5 g4 41. hxg4 Nxg4 42. Rc4 Rb1+ 43. Ke2 Rb2+ 44. Ke1 Rxg2 45. e4 Ra2 46. Rxa4 Kc6 47. Nxf6 Nxf6 48. Ra6+ Kc5 49. Rxf6 Kd4 50. Re6 Ke3 51. Kd1 Kd3 52. Kc1 Kc3 53. Rc6+ Kd4 54. Re6 Kc3 55. Kb1 Rb2+ 56. Kc1 Ra2 57. Rc6+ Kd4 58. f6 Kxe4 59. f7 Rf2 60. Rc7 Kd5 61. a4 Kd6 62. Ra7 Kd5 63. Kd1 Kd4 64. Ke1 Rf6 65. Ke2 Kd5 66. Ke3 Rf1 67. a5 Rf6 68. a6 Kc6 69. Rb7 Rf1 70. Ke4 Rf2 71. Ke5 1-0

[Event "IRI-ch 56th"]
[Site "Kerman"]
[Date "2023.05.15"]
[Round "6"]
[White "Tahmasebi, Hamid Reza"]
[Black "Omidi, Arya"]
[Result "1/2-1/2"]
[WhiteElo "2171"]
[BlackElo "2350"]
[PlyCount "93"]
[EventDate "2023.05.11"]
[EventType "tourn"]
[EventRounds "13"]
[EventCountry "IRI"]
[EventCategory "5"]
[SourceTitle "CBM 214 Extra"]
[Source "ChessBase"]
[SourceDate "2023.07.31"]
[SourceVersion "1"]
[SourceVersionDate "2023.07.31"]
[SourceQuality "1"]

1. e4 c5 2. Nf3 d6 3. d4 cxd4 4. Nxd4 Nf6 5. Nc3 a6 6. Bg5 e6 7. f4 Qb6 8. Qd2 Qxb2 9. Rb1 Qa3 10. f5 Nc6 11. fxe6 Bxe6 12. Rxb7 Nxd4 13. Qxd4 Be7 14. Bc4 Rc8 15. Nd5 Bxd5 16. exd5 Bd8 17. 0-0 0-0 18. Bb3 Qc5 19. Qxc5 Rxc5 20. Bf4 Rc7 21. Rb8 Rc8 22. Rxc8 Bb6+ 23. Kh1 Rxc8 24. Bxd6 Ne4 25. Be7 Nf2+ 26. Rxf2 Bxf2 27. d6 Bb6 28. d7 Rd8 29. Ba4 Rb8 30. g3 Bd8 31. Bc5 f5 32. Bc6 Kf7 33. Bd5+ Kf6 34. Bc4 Rb1+ 35. Kg2 Rd1 36. Bxa6 Rd2+ 37. Kf3 Rxc2 38. Bd4+ Ke7 39. a4 Kxd7 40. Bd3 Rxh2 41. Bxf5+ Ke7 42. Bxg7 Bc7 43. Bd4 h6 44. Bc5+ Kf6 45. Bd3 Ra2 46. Bb5 Rc2 47. Be3 1/2-1/2

[Event "Qazvin Cup 10th"]
[Site "Qazvin"]
[Date "2022.07.30"]
[Round "8"]
[White "Tahmasebi, Hamid Reza"]
[Black "Mahdavi, Reza"]
[Result "0-1"]
[WhiteElo "2165"]
[BlackElo "2302"]
[PlyCount "178"]
[EventDate "2022.07.25"]
[EventType "swiss"]
[EventRounds "9"]
[EventCountry "IRI"]
[SourceTitle "EXT 2023"]
[Source "ChessBase"]
[SourceDate "2022.10.05"]
[SourceVersion "1"]
[SourceVersionDate "2022.10.05"]
[SourceQuality "1"]

1. d4 Nf6 2. c4 g6 3. g3 Bg7 4. Bg2 0-0 5. Nc3 d6 6. e4 c5 7. d5 e6 8. Nge2 exd5 9. cxd5 Re8 10. Qd3 Nbd7 11. 0-0 a6 12. a4 Rb8 13. h3 b5 14. axb5 axb5 15. Qc2 b4 16. Nd1 b3 17. Qd3 Ne5 18. Qb1 Nxd5 19. exd5 Bf5 20. Be4 Nf3+ 21. Bxf3 Bxb1 22. Rxb1 Qf6 23. Kg2 Qf5 24. Nec3 Rb4 25. Ne3 Qd7 26. Ne2 h5 27. Bd2 Ra4 28. Rfc1 Bh6 29. Rc3 Qb5 30. Nc1 Rb4 31. Be2 Qb7 32. Bf3 Bg7 33. Rd3 c4 34. Bxb4 Qxb4 35. Rd1 Bh6 36. Ne2 Bxe3 37. fxe3 Rxe3 38. Rbc1 Rd3 39. Nc3 Qc5 40. Rxd3 cxd3 41. Rd1 Qd4 42. Rd2 Qe3 43. Rd1 f5 44. h4 Kg7 45. Nb1 Qd4 46. Nc3 Qe3 47. Nb1 Kf6 48. Rf1 Ke5 49. Rf2 Qc1 50. Nc3 g5 51. hxg5 Qxg5 52. Kh2 Kd4 53. Bd1 Ke3 54. Rf4 Qd8 55. Bxb3 Qb6 56. Nd1+ Kd2 57. Ba4 Qc5 58. Rxf5 h4 59. Rf4 hxg3+ 60. Kxg3 Qxd5 61. Nc3 Qe5 62. Kg4 Kc1 63. Nd1 d5 64. b4 d4 65. b5 Qg7+ 66. Kh3 Qa7 67. Rf1 Kd2 68. Bb3 Qh7+ 69. Kg2 Qg6+ 70. Kh2 Qh5+ 71. Kg2 Qg5+ 72. Kf3 Qxb5 73. Rf2+ Ke1 74. Rb2 Qf5+ 75. Kg3 d2 76. Bc2 d3 77. Bb3 Qf6 78. Rb1 Ke2 79. Bd5 Qe5+ 80. Kh3 Qg5 81. Bg2 Qc5 82. Kg3 Qc7+ 83. Kg4 Qc1 84. Bf3+ Ke1 85. Rb4 Qxd1 86. Bxd1 Kxd1 87. Ra4 Ke1 88. Re4+ Kf2 89. Rf4+ Kg2 0-1

[Event "Hamedan op 17th"]
[Site "Hamedan"]
[Date "2018.08.09"]
[Round "1"]
[White "Tahmasebi, Hamid Reza"]
[Black "Sharafi, Mohammadreza"]
[Result "1-0"]
[WhiteElo "2231"]
[BlackElo "1676"]
[PlyCount "85"]
[EventDate "2018.08.09"]
[EventType "swiss"]
[EventRounds "11"]
[EventCountry "IRI"]
[SourceTitle "CBM 186 Extra"]
[Source "ChessBase"]
[SourceDate "2018.08.24"]
[SourceVersion "1"]
[SourceVersionDate "2018.08.24"]
[SourceQuality "1"]

1. e4 e5 2. Nf3 Nc6 3. Bc4 Bc5 4. c3 Nf6 5. d3 d6 6. Nbd2 a6 7. b4 Ba7 8. h3 Ne7 9. Nf1 Ng6 10. Ng3 c6 11. Bg5 Nf4 12. Qd2 Ne6 13. Bxe6 fxe6 14. Nh5 0-0 15. Bxf6 gxf6 16. Qh6 Qe7 17. g4 Bd7 18. Rg1 Kf7 19. g5 fxg5 20. Nxg5+ Ke8 21. Ng7+ Kd8 22. N7xe6+ Bxe6 23. Nxe6+ Kd7 24. Nxf8+ Rxf8 25. Rg7 Rf7 26. Rxf7 Qxf7 27. Qh4 Kc8 28. Ke2 Bb6 29. c4 d5 30. Qg4+ Kb8 31. Qf5 Qg8 32. cxd5 Bd4 33. Qe6 Qf8 34. Rf1 cxd5 35. exd5 Qxb4 36. d6 Qb2+ 37. Kf3 Bb6 38. Qd5 Qc3 39. Rb1 Qd4 40. Qxd4 Bxd4 41. d7 Kc7 42. Rxb7+ Kd8 43. Ke4 1-0

[Event "Hamedan op"]
[Site "Hamedan"]
[Date "2017.08.17"]
[Round "9"]
[White "Tahmasebi, Hamid Reza"]
[Black "Abedi, Pouria"]
[Result "1-0"]
[WhiteElo "2199"]
[BlackElo "2009"]
[PlyCount "105"]
[EventDate "2017.08.12"]
[EventType "swiss"]
[EventRounds "11"]
[EventCountry "IRI"]
[SourceTitle "CBM 180 Extra"]
[Source "ChessBase"]
[SourceDate "2017.10.06"]
[SourceVersion "1"]
[SourceVersionDate "2017.10.06"]
[SourceQuality "1"]

1. e4 c6 2. d4 d5 3. Nc3 dxe4 4. Nxe4 Nd7 5. Nf3 Ngf6 6. Ng3 e6 7. Bd3 Bd6 8. c3 Qc7 9. Qc2 b6 10. Bd2 Bb7 11. 0-0 0-0-0 12. Ng5 Nf8 13. b4 h5 14. f4 g6 15. Ne2 N8h7 16. Nxh7 Rxh7 17. c4 c5 18. Qa4 Qc6 19. Qxc6+ Bxc6 20. bxc5 bxc5 21. Bc3 Ng4 22. h3 Ne3 23. Rf2 h4 24. Re1 Bc7 25. a4 Rh5 26. a5 g5 27. fxg5 Rxg5 28. d5 Rdg8 29. g4 Rxg4+ 30. hxg4 Rxg4+ 31. Kh1 exd5 32. Rf6 Ba8 33. Ng1 dxc4+ 34. Nf3 cxd3 35. Rxe3 c4 36. Re8+ Bd8 37. Rxf7 Rg3 38. Bf6 Bxf3+ 39. Kh2 Rg2+ 40. Kh3 Rg3+ 41. Kxh4 Rg4+ 42. Kh3 Rd4 43. Bxd4 Bh5 44. Rxd8+ Kxd8 45. Rf2 Kc7 46. Kg3 Kc6 47. Bc3 Be2 48. Kf4 Kb5 49. Ke3 Ka6 50. Bd2 Kb5 51. Kd4 Bg4 52. Rg2 Be6 53. Rg6 1-0

[Event "Hamedan op"]
[Site "Hamedan"]
[Date "2017.08.13"]
[Round "3"]
[White "Daneshvar, Bardiya"]
[Black "Tahmasebi, Hamid Reza"]
[Result "1/2-1/2"]
[WhiteElo "1979"]
[BlackElo "2199"]
[PlyCount "91"]
[EventDate "2017.08.12"]
[EventType "swiss"]
[EventRounds "11"]
[EventCountry "IRI"]
[SourceTitle "CBM 180 Extra"]
[Source "ChessBase"]
[SourceDate "2017.10.06"]
[SourceVersion "1"]
[SourceVersionDate "2017.10.06"]
[SourceQuality "1"]

1. d4 Nf6 2. c4 e6 3. Nc3 Bb4 4. Qc2 d5 5. cxd5 exd5 6. Bg5 Nbd7 7. e3 c5 8. dxc5 Qa5 9. Bd3 Bxc3+ 10. bxc3 h6 11. Bh4 Qxc5 12. Ne2 0-0 13. 0-0 Ng4 14. Bg3 Re8 15. Nd4 Nde5 16. h3 Nxd3 17. Qxd3 Nf6 18. Qb5 Qe7 19. Bh2 Be6 20. Qb4 Ne4 21. Nb5 a5 22. Qd4 Rec8 23. Rac1 Rc4 24. Qd3 Qc5 25. Nd4 Rxc3 26. Rxc3 Qxc3 27. Qb5 Qb4 28. Rb1 Qd2 29. Qb2 Rc8 30. Be5 h5 31. Nf3 Qxb2 32. Rxb2 f6 33. Bd4 Rc1+ 34. Kh2 Rf1 35. Nd2 Rxf2 36. Nxe4 Rxb2 37. Nxf6+ gxf6 38. Bxb2 Kf7 39. Bc3 d4 40. exd4 Bxa2 41. Bxa5 b5 42. g4 hxg4 43. hxg4 Ke6 44. Kg3 Kd5 45. Kf4 Bb1 46. g5 1/2-1/2

[Event "Bushehr Lian op 7th"]
[Site "Bushehr"]
[Date "2015.11.14"]
[Round "6"]
[White "Tahmasebi, Hamid Reza"]
[Black "Mohandesi, Shahin"]
[Result "0-1"]
[WhiteElo "1997"]
[BlackElo "2154"]
[PlyCount "80"]
[EventDate "2015.11.11"]
[EventType "swiss"]
[EventRounds "9"]
[EventCountry "IRI"]
[SourceTitle "CBM 169 Extra"]
[Source "ChessBase"]
[SourceDate "2015.12.18"]
[SourceVersion "1"]
[SourceVersionDate "2015.12.18"]
[SourceQuality "1"]

1. e4 c5 2. Nf3 e6 3. d4 cxd4 4. Nxd4 Nc6 5. Nb5 d6 6. Bf4 e5 7. Be3 Nf6 8. N5c3 a6 9. Na3 b5 10. Nd5 Be7 11. Bb6 Qd7 12. Nc7+ Kf8 13. Nxa8 Qb7 14. Be3 Qxa8 15. f3 Be6 16. c4 bxc4 17. Nxc4 Qb7 18. Qd2 d5 19. Kf2 dxc4 20. Rc1 Bb4 21. Qd1 Ke7 22. Bxc4 Rd8 23. Qa4 Nd4 24. Bxe6 fxe6 25. a3 Bd6 26. b4 Rf8 27. Bxd4 exd4 28. Ke2 Nxe4 29. Qc6 Qxc6 30. Rxc6 Nc3+ 31. Kd3 a5 32. Kxd4 axb4 33. axb4 Nd5 34. Kc4 Rf4+ 35. Kb3 Rxb4+ 36. Ka2 Rd4 37. Kb3 Rd3+ 38. Kb2 Be5+ 39. Kb1 Ra3 40. Rcc1 Nb4 0-1